000 00498nam a2200181Ia 4500
999 _c28651
_d28651
003 OSt
005 20210107154044.0
008 190216s9999||||xx |||||||||||||| ||und||
020 _a9788126412105
040 _coclc
082 _a894.81
_bSURO/U
100 _aUroob
_96421
245 0 _aUroobinte Krithikal :
_bSampoornam /
_cUroob
260 _bDc Books,
_aKottayam:
_c2006.
300 _a1082p
650 _aMalayalam
942 _cBK
_2ddc
_h894.81
_iSURO/U
_k894.81
_mSURO/U